[Event "19th Russian Team Championship"]
[Site "Sochi (Loo)"]
[Date "2012.04.10"]
[Round "2"]
[White "Najer, Evgeniy"]
[Black "Ovetchkin, Roman"]
[Result "1-0"]
[WhiteElo "2640"]
[BlackElo "2499"]
[PlyCount "83"]
[EventDate "2012.04.09"]

1. c4 e6 2. Nc3 Nf6 3. e4 d5 4. e5 d4 5. exf6 dxc3 6. bxc3 Qxf6 7. d4 e5 8. Nf3
Nc6 9. Bg5 Qg6 10. d5 Nb8 11. h4 Nd7 12. h5 Qd6 13. Nd2 Nc5 14. Nb3 Be7 15. Be3
b6 16. Nxc5 bxc5 17. Rb1 O-O 18. h6 g6 19. Rb5 Qa6 20. Be2 Bd7 21. Rxc5 Bd6 22.
Qb3 f5 23. Rc6 Bxc6 24. c5 Qb7 25. dxc6+ Qxb3 26. axb3 Be7 27. f4 Kf7 28. fxe5
Ke6 29. Bd4 Kd5 30. Bf3+ Ke6 31. Be2 Kd5 32. Bf3+ Ke6 33. Kd2 Rfd8 34. Kc2 a5
35. Be2 Kd5 36. Bf3+ Ke6 37. g3 Rdb8 38. Be2 Kd5 39. Rd1 Kxc6 40. Bf3+ Kb5 41.
c4+ Ka6 42. b4 1-0

[Event "19th Russian Team Championship"]
[Site "Sochi (Loo)"]
[Date "2012.04.10"]
[Round "2"]
[White "Sitnikov, Dmitrij"]
[Black "Popov, Ivan"]
[Result "1/2-1/2"]
[WhiteElo "2500"]
[BlackElo "2605"]
[PlyCount "125"]
[EventDate "2012.04.09"]

1. e4 c5 2. Nf3 d6 3. Bc4 Nf6 4. d3 Nc6 5. c3 e6 6. Bb3 Be7 7. O-O O-O 8. Re1
b5 9. Nbd2 Bb7 10. Nf1 Rc8 11. Ng3 Qc7 12. Qe2 Ne5 13. d4 Nxf3+ 14. Qxf3 a5 15.
dxc5 dxc5 16. Bf4 Qb6 17. Nh5 Nxh5 18. Qxh5 c4 19. Bc2 f6 20. Rad1 Qc6 21. Qg4
Rfd8 22. Rxd8+ Rxd8 23. Rd1 Rxd1+ 24. Qxd1 e5 25. Be3 f5 26. f3 f4 27. Bf2 h5
28. Kf1 Kf7 29. Qd2 g5 30. h3 Ke8 31. Bg1 b4 32. Qd1 Ba6 33. Qd5 Qxd5 34. exd5
b3 35. Bb1 a4 36. a3 Kd7 37. Be4 Bb7 38. Ba7 Kc7 39. Ke2 Bc8 40. Kd2 g4 41.
hxg4 hxg4 42. Kd1 g3 43. Ke2 Bd6 44. Bg1 Bd7 45. Ke1 Be8 46. Kd2 Bf7 47. Ba7
Kd7 48. Bb6 Ke7 49. Ba5 Kf6 50. Bb4 Bxb4 51. cxb4 Bg6 52. Bxg6 Kxg6 53. b5 e4
54. b6 exf3 55. b7 fxg2 56. b8=Q g1=Q 57. Qg8+ Kh5 58. Qf7+ Kg5 59. Qe7+ Kg4
60. Qe6+ Kh5 61. Qf5+ Kh4 62. Qxf4+ Kh3 63. Qf5+ 1/2-1/2

[Event "19th Russian Team Championship"]
[Site "Sochi (Loo)"]
[Date "2012.04.10"]
[Round "2"]
[White "Savchenko, Boris"]
[Black "Iskusnyh, Sergei"]
[Result "0-1"]
[WhiteElo "2580"]
[BlackElo "2480"]
[PlyCount "80"]
[EventDate "2012.04.09"]

1. e4 e6 2. d3 d5 3. Nd2 c5 4. Ngf3 Nf6 5. g3 g6 6. e5 Nfd7 7. c3 Nc6 8. d4
cxd4 9. cxd4 Qb6 10. Qa4 Bg7 11. h4 O-O 12. h5 Qb4 13. Qxb4 Nxb4 14. Kd1 f6 15.
Bh3 gxh5 16. Bxe6+ Kh8 17. a3 Nc6 18. Bxd5 fxe5 19. Bxc6 bxc6 20. dxe5 Nc5 21.
b4 Bg4 22. bxc5 Rxf3 23. Ke1 Bxe5 24. Rb1 Rd8 25. Rh2 Rfd3 26. Bb2 Re8 27. f3
Bxb2+ 28. Re2 Rde3 29. Rxe3 Rxe3+ 30. Kf2 Bd4 31. fxg4 Rb3+ 32. Ke2 Rxb1 33.
Nxb1 hxg4 34. Nd2 Bxc5 35. a4 Kg7 36. Nb3 Bb6 37. Kd3 Kf6 38. Ke4 h5 39. Nc1
Bc7 40. Ne2 Be5 0-1

[Event "19th Russian Team Championship"]
[Site "Sochi (Loo)"]
[Date "2012.04.10"]
[Round "2"]
[White "Tovmasian, Vardges"]
[Black "Iljin, Artem"]
[Result "1/2-1/2"]
[WhiteElo "2420"]
[BlackElo "2536"]
[PlyCount "129"]
[EventDate "2012.04.09"]

1. d4 Nf6 2. c4 e6 3. g3 d5 4. Nf3 Bb4+ 5. Bd2 Be7 6. Bg2 O-O 7. O-O c6 8. Qc2
b6 9. Bf4 Ba6 10. Nbd2 Nbd7 11. Rfd1 Nh5 12. Ne5 Nxf4 13. gxf4 Nxe5 14. fxe5
Rc8 15. Qa4 Bxc4 16. Nxc4 b5 17. Qxa7 bxc4 18. b3 cxb3 19. axb3 Rc7 20. Qa5 Qb8
21. Rdc1 Rfc8 22. e4 dxe4 23. Bxe4 Qxb3 24. Rxc6 Rxc6 25. Bxc6 Qb2 26. d5 Qxe5
27. dxe6 Qxe6 28. Bg2 Bd6 29. Qd5 Qh6 30. h3 Bf8 31. Rd1 Qf6 32. Be4 g6 33. Rd3
Rc5 34. Qd4 Qf4 35. Qe3 Qf6 36. Bd5 Rc7 37. Qd2 Kg7 38. Rf3 Qe5 39. Rb3 Rd7 40.
Rd3 Bc5 41. Kg2 Rd6 42. Bf3 Rxd3 43. Qxd3 Qg5+ 44. Kf1 Qh4 45. Qc2 Qxh3+ 46.
Bg2 Qa3 47. Bd5 Qa1+ 48. Kg2 Qd4 49. Qa2 Qf4 50. Bf3 Qd4 51. Qe2 h5 52. Bc6 f5
53. Qf3 h4 54. Bb5 Kf6 55. Be8 Qxf2+ 56. Qxf2 Bxf2 57. Kxf2 g5 58. Kf3 Ke5 59.
Bh5 h3 60. Kg3 g4 61. Be8 Kd5 62. Bg6 Ke4 63. Be8 Ke3 64. Bd7 h2 65. Kg2
1/2-1/2

[Event "19th Russian Team Championship"]
[Site "Sochi (Loo)"]
[Date "2012.04.10"]
[Round "2"]
[White "Hasangatin, Ramil"]
[Black "Manukyan, Sargis V"]
[Result "1-0"]
[WhiteElo "2498"]
[BlackElo "2266"]
[PlyCount "85"]
[EventDate "2012.04.09"]

1. e4 e6 2. d3 c5 3. Nf3 Nc6 4. c3 d5 5. Nbd2 Nf6 6. g3 g6 7. Bg2 Bg7 8. e5 Nd7
9. d4 cxd4 10. cxd4 O-O 11. O-O f6 12. exf6 Nxf6 13. Nb3 Ne4 14. Be3 a5 15. a3
a4 16. Nc1 Qb6 17. Nd3 Nxd4 18. Nfe5 Nd6 19. f4 N6f5 20. Bf2 Qb3 21. g4 Qxd1
22. Raxd1 Ne2+ 23. Kh1 Nxf4 24. gxf5 Nxd3 25. Nxd3 gxf5 26. Rfe1 Ra6 27. Nb4
Ra5 28. Re2 f4 29. Bf3 Bd7 30. Rc1 Rc8 31. Rxc8+ Bxc8 32. Nxd5 exd5 33. Re8+
Kf7 34. Bh5+ Kf6 35. Rxc8 Kf5 36. Be2 d4 37. Bd3+ Kg4 38. Kg2 f3+ 39. Kf1 Be5
40. Rg8+ Kf4 41. h3 h5 42. Rf8+ Kg5 43. Rf5+ 1-0

[Event "19th Russian Team Championship"]
[Site "Sochi (Loo)"]
[Date "2012.04.10"]
[Round "2"]
[White "Pogosian, Georgy"]
[Black "Isajevsky, Anton"]
[Result "1-0"]
[WhiteElo "2201"]
[BlackElo "2426"]
[PlyCount "85"]
[EventDate "2012.04.09"]

1. d4 Nf6 2. c4 e6 3. Nc3 Bb4 4. e3 c5 5. Nge2 b6 6. a3 Ba5 7. Rb1 Na6 8. g3
Bb7 9. d5 b5 10. Bg2 bxc4 11. O-O O-O 12. e4 d6 13. Qa4 exd5 14. exd5 Ng4 15.
b3 Bb6 16. bxc4 Nc7 17. Bf4 h6 18. h3 Nf6 19. g4 Bc8 20. Ng3 Nfe8 21. Qc2 Qf6
22. Bd2 Bd7 23. Nce2 Qd8 24. f4 Qc8 25. f5 Qa6 26. f6 Nxf6 27. Rxf6 gxf6 28.
Nh5 Ne8 29. Neg3 Bd8 30. Nf5 Bxf5 31. Qxf5 Ng7 32. Nxf6+ Bxf6 33. Qxf6 Ne8 34.
Qc3 f5 35. Bxh6 Rf6 36. g5 Rg6 37. h4 Qc8 38. h5 Rxh6 39. gxh6 Qd7 40. Re1 Kh7
41. Re6 Qf7 42. Qg3 Nf6 43. Qxd6 1-0

[Event "19th Russian Team Championship"]
[Site "Sochi (Loo)"]
[Date "2012.04.10"]
[Round "2"]
[White "Dobrov, Vladimir"]
[Black "Frolyanov, Dmitry"]
[Result "0-1"]
[WhiteElo "2492"]
[BlackElo "2556"]
[PlyCount "124"]
[EventDate "2012.04.09"]

1. d4 d5 2. c4 e6 3. Nc3 c6 4. e4 dxe4 5. Nxe4 Bb4+ 6. Bd2 Qxd4 7. Bxb4 Qxe4+
8. Ne2 Na6 9. Bf8 Ne7 10. Bxg7 Nb4 11. Qd6 Nd3+ 12. Kd2 Nf5 13. Qxd3 Qxd3+ 14.
Kxd3 Nxg7 15. Ng3 c5 16. Be2 b6 17. Bf3 Rb8 18. Kc3 Bb7 19. Bxb7 Rxb7 20. Rad1
Ke7 21. Rhe1 Rbb8 22. a3 Rhd8 23. Rxd8 Rxd8 24. b4 Rc8 25. Ne4 cxb4+ 26. axb4
Ne8 27. f4 Nc7 28. Kb3 Rd8 29. Kc3 Rc8 30. Kb3 Rd8 31. Re3 a5 32. b5 Rd4 33.
Kc3 Rd1 34. f5 Rc1+ 35. Kb3 exf5 36. Nc3+ Kd6 37. Rd3+ Ke6 38. Re3+ Kd6 39.
Rd3+ Ke7 40. Na4 Na8 41. Nc3 Nc7 42. c5 Nxb5 43. Nd5+ Kd7 44. cxb6 Kc6 45. Nf6
Kxb6 46. Nxh7 Kc5 47. Ng5 a4+ 48. Kb2 Rg1 49. Nf3 Rxg2+ 50. Rd2 Rxd2+ 51. Nxd2
Kd5 52. Kc2 Ke5 53. Kd3 a3 54. Kc2 f4 55. Kb3 f6 56. Ka2 Kd4 57. h4 Ke5 58.
Nf3+ Ke6 59. Kb3 Kf7 60. Ka2 Kg6 61. Kb3 Kh5 62. Ka2 Kg4 0-1

[Event "19th Russian Team Championship"]
[Site "Sochi (Loo)"]
[Date "2012.04.10"]
[Round "2"]
[White "Geller, Jakov"]
[Black "Gagarin, Vasilij"]
[Result "1-0"]
[WhiteElo "2544"]
[BlackElo "2378"]
[PlyCount "53"]
[EventDate "2012.04.09"]

1. e4 c5 2. Nf3 d6 3. d4 cxd4 4. Nxd4 Nf6 5. Nc3 a6 6. Be3 Nbd7 7. f3 b5 8. a4
b4 9. Nc6 Qc7 10. Nxb4 e6 11. Nd3 Be7 12. Be2 O-O 13. O-O Nb6 14. Bf2 Bb7 15.
Qe1 Rfc8 16. Nd1 d5 17. a5 Nbd7 18. exd5 Nxd5 19. c4 Nf4 20. Nxf4 Qxf4 21. b4
Bf6 22. Ra3 Be5 23. Bg3 Qc1 24. Rd3 Bxg3 25. Qxg3 Nf6 26. Qe5 h6 27. Ne3 1-0

[Event "19th Russian Team Championship"]
[Site "Sochi (Loo)"]
[Date "2012.04.10"]
[Round "2"]
[White "Sanzhaev, Darsen"]
[Black "Kurukin, Dmitry"]
[Result "0-1"]
[WhiteElo "2282"]
[BlackElo "2375"]
[PlyCount "68"]
[EventDate "2012.04.09"]

1. d4 g6 2. c4 Bg7 3. Nf3 c5 4. d5 f5 5. g3 b5 6. cxb5 a6 7. bxa6 d6 8. Bg2 Nf6
9. Nc3 O-O 10. O-O Nxa6 11. h3 Nc7 12. Ng5 Bb7 13. h4 Ra6 14. Qd3 Qa8 15. Rd1
h6 16. Nh3 e5 17. e4 fxe4 18. Nxe4 Nfxd5 19. a3 Kh8 20. f3 Ne6 21. Nhf2 Nd4 22.
Bd2 Rb6 23. Bc3 Ba6 24. Qd2 Nxc3 25. bxc3 Nxf3+ 26. Bxf3 Rxf3 27. Kh2 Qf8 28.
Rab1 Rxb1 29. Rxb1 d5 30. Qxd5 Rxf2+ 31. Nxf2 Qxf2+ 32. Kh1 Kh7 33. Qg2 Qe3 34.
h5 Bd3 0-1